Manuscritos matemáticos /

Guardado en:
Autor Principal: Marx, Karl, 1818-1883.
Otros Autores: Fernández Stacco, Edgardo L. (Traductor, Autor de introducción, etc.)
Formato: Libro
Idioma:Spanish
German
Publicado: [Bahía Blanca?] : Zurdasur, [2012]
Etiquetas: Agregar Etiqueta
Sin Etiquetas, Sea el primero en etiquetar este registro!
LEADER 00692nam a22001815a 4500
001 MAT.inmabb006775
008 121228s2012####ag#######b####000#0#spa#d
005 20170523134623.0
245 1 0 |a Manuscritos matemáticos /  |c Carlos Marx ; traducción y comentarios: Edgardo Fernández Stacco. 
260 |a [Bahía Blanca?] :  |b Zurdasur,  |c [2012] 
300 |a 170 p. ;  |c 21 cm. 
500 |a Compaginación: René Casamiquela ; diseño tapa: Jorge Valenzuela. 
504 |a Incluye referencias bibliográficas. 
100 1 |a Marx, Karl,  |d 1818-1883. 
700 1 |a Fernández Stacco, Edgardo L.  |4 trl  |4 aui 
084 |a 01A75 (01A55 26A24)  |2 msc2000 
041 1 |a spa  |h ger 
859 |h 01A75  |i M392  |p A-8800  |b BIB. MATEMATICA